000 00432nam a2200133Ia 4500
008 180922s9999 xx 000 0 und d
020 _a9781118821213
100 _aRathbone,Andy.
245 _cAndy Rathbone.--
_aWindows 8.1 for dummies :
_ba wiley brand /
260 _aNew Jersey :
_bJohn Wiley & Sons
_c2013
300 _axii, 416 pages.
650 _aMicrosoft Windows (Computer file).
650 _aOperating systems (Computers).
999 _c358816
_d358816